|
|
|
|
| LEADER |
00000nab a2200000 a 4500 |
| 001 |
vtls000605702 |
| 003 |
SK-MaSNL |
| 005 |
20260426070945.0 |
| 008 |
160401c1996 xo 0 slo |
| 015 |
|
|
|a SNBRB19rr/mm-uuuuu
|
| 035 |
|
|
|a CL0605841
|
| 040 |
|
|
|a SNKBUCL
|b slo
|c SNKBUCL
|e AACR2
|
| 041 |
0 |
|
|a slo
|
| 044 |
|
|
|a xo
|c SK
|
| 080 |
|
|
|a 796.9.032.2(437.6)
|2 1981
|
| 100 |
1 |
|
|a Chalupka, Vladimír
|4 aut
|9 12780
|
| 245 |
1 |
0 |
|a Veľhorám chýba marketing a dlhodobá koncepcia
|b "Kandidatúra Slovenska na usporiadanie ZOH je dobrou propagáciou našej krajiny", tvrdí Vladimír Chalupka, výkonný riaditeľ Agentúry pre rozvoj CR v regióne Tatier
|c Vladimír Chalupka, Róbert Matejovič
|
| 300 |
|
|
|b Fotogr. 1
|
| 611 |
2 |
7 |
|a Zimné olympijské hry
|2 snkbucl
|9 461111
|
| 651 |
|
7 |
|a Slovensko
|2 snkbucl
|9 14231
|
| 655 |
|
7 |
|a články z novín a časopisov
|2 snkbucl
|9 267496
|
| 700 |
1 |
|
|a Matejovič, Róbert,
|d 1967-
|4 aut
|9 9938
|
| 773 |
0 |
|
|t Slovenský profit
|g Roč. 4, č. 47 (1996), s. 14-15
|
| 850 |
|
|
|a Slovenská národná knižnica v Martine
|a MTA001
|
| 852 |
|
|
|a SNK
|b KIS3GCP
|
| 958 |
|
|
|a SK
|
| 958 |
|
|
|a RK
|
| 958 |
|
|
|a RBX
|
| 999 |
|
|
|c 2672998
|d 2674928
|